[Event "Mirandola Giovanni Pico 3rd"]
[Site "Mirandola"]
[Date "2010.01.17"]
[Round "5"]
[White "Malago, Federico"]
[Black "Andreolini, Mauro"]
[Result "0-1"]
[WhiteElo "1440"]
[BlackElo "2144"]
[PlyCount "80"]
[EventDate "2010.01.15"]
[EventType "swiss"]
[EventRounds "5"]
[EventCountry "ITA"]
[SourceTitle "EXT 2024"]
[Source "ChessBase"]
[SourceDate "2023.10.10"]
[SourceVersion "1"]
[SourceVersionDate "2023.10.10"]
[SourceQuality "1"]

1. e4 c5 2. Nf3 e6 3. d4 cxd4 4. Nxd4 Nc6 5. Nc3 Nf6 6. Nxc6 bxc6 7. Bd3 d5 8. exd5 cxd5 9. 0-0 Be7 10. Qe2 0-0 11. f4 g6 12. Rb1 Bb7 13. Bd2 Nd7 14. Rbe1 Nc5 15. f5 Nxd3 16. cxd3 Bc5+ 17. Kh1 exf5 18. Na4 Bd6 19. Qf2 Bc6 20. Qd4 f6 21. Nc5 Be5 22. Rxe5 fxe5 23. Qxe5 Qf6 24. Qe6+ Qxe6 25. Nxe6 Rf7 26. d4 Re8 27. Nc5 Re2 28. Bc3 Rfe7 29. Rc1 Bb5 30. a4 Bc4 31. h3 R7e3 32. a5 Bd3 33. Nxd3 Rxd3 34. Kg1 Rg3 35. Re1 Rgxg2+ 36. Kh1 Rh2+ 37. Kg1 Reg2+ 38. Kf1 f4 39. Bb4 f3 40. Re8+ Kg7 0-1

[Event "Mirandola Giovanni Pico 3rd"]
[Site "Mirandola"]
[Date "2010.01.15"]
[Round "1"]
[White "Zuccaro, Guido"]
[Black "Andreolini, Mauro"]
[Result "0-1"]
[WhiteElo "1768"]
[BlackElo "2144"]
[PlyCount "90"]
[EventDate "2010.01.15"]
[EventType "swiss"]
[EventRounds "5"]
[EventCountry "ITA"]
[SourceTitle "EXT 2024"]
[Source "ChessBase"]
[SourceDate "2023.10.10"]
[SourceVersion "1"]
[SourceVersionDate "2023.10.10"]
[SourceQuality "1"]

1. c4 Nf6 2. Nc3 g6 3. g3 Bg7 4. Bg2 0-0 5. d3 c5 6. e4 d6 7. Nge2 Nc6 8. 0-0 e5 9. h3 Be6 10. Nd5 Bxd5 11. cxd5 Nd4 12. Nxd4 cxd4 13. Bg5 Qb6 14. Qd2 Nd7 15. b4 Rac8 16. Rfc1 f6 17. Bh6 Bxh6 18. Qxh6 Rc3 19. Bf1 Rfc8 20. a3 Qc7 21. Rd1 Rc2 22. h4 Qd8 23. Rdc1 Qf8 24. Rxc2 Rxc2 25. Qxf8+ Kxf8 26. a4 Ke7 27. Bh3 Rc3 28. Bf1 Kd8 29. Rb1 Kc7 30. Be2 a5 31. bxa5 Nc5 32. a6 bxa6 33. a5 Rb3 34. Rxb3 Nxb3 35. Kf1 Nxa5 36. Ke1 Kb6 37. Kd1 Kb5 38. Kc2 Kb4 39. Kb2 Nb7 40. f4 Nc5 41. fxe5 fxe5 42. g4 a5 43. Kc2 a4 44. g5 a3 45. h5 Nb3 0-1

[Event "Modena Province-ch"]
[Site "Modena"]
[Date "2009.12.13"]
[Round "5"]
[White "Andreolini, Mauro"]
[Black "Trangoni, Bruno"]
[Result "1/2-1/2"]
[WhiteElo "2157"]
[BlackElo "2015"]
[PlyCount "76"]
[EventDate "2009.12.11"]
[EventType "swiss"]
[EventRounds "5"]
[EventCountry "ITA"]
[SourceTitle "EXT 2012"]
[Source "ChessBase"]
[SourceDate "2011.11.24"]
[SourceVersion "1"]
[SourceVersionDate "2011.11.24"]
[SourceQuality "1"]

1. d4 d6 2. c4 g6 3. e4 Bg7 4. Nc3 Nd7 5. Nf3 e5 6. g3 Ne7 7. Bg2 0-0 8. 0-0 h6 9. b3 f5 10. Bb2 fxe4 11. Nxe4 exd4 12. Bxd4 Nf5 13. Bxg7 Kxg7 14. Nd4 Nf6 15. Nxf5+ gxf5 16. Nxf6 Qxf6 17. f4 Rb8 18. Qd3 Be6 19. Rae1 Rfe8 20. Re2 Bf7 21. Rxe8 Bxe8 22. Re1 b5 23. Qe3 c5 24. Bd5 bxc4 25. Bxc4 Bf7 26. Bxf7 Kxf7 27. Kg2 a5 28. Re2 Rc8 29. Qf3 Kf8 30. Qd5 Re8 31. Rxe8+ Kxe8 32. Qa8+ Qd8 33. Qc6+ Qd7 34. Qd5 Ke7 35. Qa8 Qb5 36. Qa7+ Kf6 37. Qh7 Qe2+ 38. Kh3 Qh5+ 1/2-1/2

[Event "Bratto op-A 27th"]
[Site "Bratto"]
[Date "2007.08.26"]
[Round "4"]
[White "Capece, Adolivio"]
[Black "Andreolini, Mauro"]
[Result "1/2-1/2"]
[WhiteElo "2049"]
[BlackElo "2219"]
[PlyCount "57"]
[EventDate "2007.08.23"]
[EventType "swiss"]
[EventRounds "9"]
[EventCountry "ITA"]
[SourceTitle "CBM 120 Extra"]
[Source "ChessBase"]
[SourceDate "2007.11.01"]
[SourceVersion "1"]
[SourceVersionDate "2007.11.01"]
[SourceQuality "1"]

1. Nf3 d5 2. g3 Nf6 3. Bg2 e6 4. d4 Be7 5. Nbd2 0-0 6. Ne5 b6 7. 0-0 Bb7 8. c3 c5 9. Ndf3 Nc6 10. Nxc6 Bxc6 11. Ne5 Bb7 12. Bf4 Nd7 13. Qd3 Nxe5 14. dxe5 Qc7 15. h4 Rfd8 16. Rac1 Rac8 17. Rfd1 a6 18. Qc2 Rd7 19. e4 Rcd8 20. exd5 Bxd5 21. Bxd5 Rxd5 22. Rxd5 Rxd5 23. Qa4 Qc8 24. c4 Rd8 25. Rd1 Rxd1+ 26. Qxd1 b5 27. b3 Kf8 28. Qd3 g6 29. cxb5 1/2-1/2